| 000 | 00919nas a2200241 4500 | ||
|---|---|---|---|
| 001 | 000016362 | ||
| 003 | DO-SdBNP | ||
| 005 | 20250306100320.0 | ||
| 007 | ta | ||
| 008 | 781101c19779999dr mr p 0 b0spa | ||
| 040 |
_aDO-SdBNP _bspa _cBNPHU _erda |
||
| 043 | _anwdr--- | ||
| 082 |
_222 _axxx _bxxxx |
||
| 245 | 0 | 0 | _aCuadernos jurídicos. |
| 260 |
_aSanto Domingo, : _bFacultad de Ciencias Jurídicas y Políticas, Universidad Nacional Pedro Henríquez Ureña. |
||
| 300 |
_avolumenes ; _c28 cm. |
||
| 310 | _aMensual | ||
| 362 | 0 | _aAño 1. No. 3 (abr. 1977-) | |
| 500 | _a"Publicación mensual de la Facultad de Ciencias Jurídicas y Políticas de la Universidad Nacional Pedro Henríquez Ureña." | ||
| 650 | 4 |
_aLey _zRepública Dominicana _vPublicaciones periódicas _936206 |
|
| 710 | 2 |
_aUniversidad Nacional Pedro Henríquez Ureña. _bFacultad de Ciencias Jurídicas y Políticas _936486 |
|
| 942 |
_2ddc _cLBS1 |
||
| 999 |
_c15897 _d15897 |
||